Textbook of Behavioural Sciences (Psychology and Sociology) (Record no. 359268)

MARC details
000 -LEADER
fixed length control field 00478nam a22001697a 4500
005 - DATE AND TIME OF LATEST TRANSACTION
control field 20240820173620.0
008 - FIXED-LENGTH DATA ELEMENTS--GENERAL INFORMATION
fixed length control field 240807b |||||||| |||| 00| 0 eng d
020 ## - INTERNATIONAL STANDARD BOOK NUMBER
International Standard Book Number 978-93-93885-78-4
041 ## - LANGUAGE CODE
Language code of text/sound track or separate title English
082 ## - DEWEY DECIMAL CLASSIFICATION NUMBER
Classification number PY 150 BHA DB1263
100 ## - MAIN ENTRY--PERSONAL NAME
Author Elakkuvana Bhaskara Raj
245 ## - TITLE STATEMENT
Title Textbook of Behavioural Sciences (Psychology and Sociology)
260 ## - PUBLICATION, DISTRIBUTION, ETC.
Place of publication, distribution, etc. Bangalore
Name of publisher, distributor, etc. EMMESS Medical Publishers
Date of publication, distribution, etc. 2024
300 ## - PHYSICAL DESCRIPTION
Extent 309p
365 ## - TRADE PRICE
Price amount 395.00
942 ## - ADDED ENTRY ELEMENTS (KOHA)
Koha item type Donated Book
Holdings
Withdrawn status Lost status Source of classification or shelving scheme Damaged status Not for loan Home library Current library Date acquired Net Price Bill number Total Checkouts Total Renewals Full call number Barcode Date last seen Date last checked out Bill Date Koha item type Original Barcode
    Dewey Decimal Classification     Smt. Bakul Tambat Institute of Nursing Education Smt. Bakul Tambat Institute of Nursing Education 08/08/2024 395.00 IK#2024-25#129 11 1 PY 150 BHA DB1263 BTIN-DB-1263 07/02/2026 28/01/2026 08/08/2024 Donated Book DB1263